000 01017nam a22003137a 4500
001 0052225
003 KOHA_MİRAKIL
005 20260207003833.0
007 ta
008 150629b2013 tu |||gr||||#0|||1|eng |
020 _a9786055270551
040 _aTR-BiSEU
_btur
_cTR-BiSEU
_erda
041 0 _aeng
_atur
044 _ctu
050 _aPE1114
_b.G86 2013
100 1 _aGünay, Gürcan.
245 1 _aStep up :
_badvanced English vocabulary/
_cGürcan Günay ; Gürcan Günay, Mustafa Demir.
264 1 _aAnkara :
_bPelilan Yayıncılık
_c2013
300 _aVI, 406 sayfa ;
_c28 cm.
336 _ametin
_btxt
_2rdacontent
337 _aaracısız
_bn
_2rdamedia
338 _acilt
_bnc
_2rdacarrier
500 _aYDS, TOEFL, IELTS.
650 0 _aEnglish language--Examinations, questions, etc.
_91934
650 0 _aEnglish language--Textbooks for foreign speakers--Turkish.
_93457
650 0 _aEnglish language--Conversation and phrase books--Turkish.
_93815
907 _aDil
942 _2lcc
_cBK
999 _c52043
_d52043